000 00573nam a2200181 a 4500
005 20210219160421.0
008 081107s2000 mx r 000 0 spa d
035 _aUPN01000165284
049 _aUNE
080 _a329.13 (729.1) PER.
100 1 _aPérez Guzmán, Francisco
245 1 0 _aBolivar y la independencia de cuba/ Francisco Pérez Guzmán.
260 _aLa Habana, Cuba : Letras Cubanas, 1988.
300 _a195 p.
690 _aBolivar, Simon- Influencia social- Cuba
690 _aMovimientos revolucionarios- Influencia social- Cuba
905 _aUNESCO
999 _c137396
_d137396